| 000 | 01104cam a22001814a 4500 | ||
|---|---|---|---|
| 999 |
_c1222 _d1222 |
||
| 020 | _a0072443901 | ||
| 050 | 0 | 0 |
_aTS155 _b.S7824 2002 |
| 100 | 1 | _aStevenson, William J. | |
| 245 | 1 | 0 |
_aOperations management / _cWilliam J. Stevenson. |
| 250 | _a7th ed. | ||
| 260 |
_aBoston : _bMcGraw-Hill Irwin, _cc2002. |
||
| 300 |
_axvi, 910 p. : _bcol. ill. ; _c29 cm. + _e1 computer optical disc (4 3/4 in.) |
||
| 440 | 4 | _aThe McGraw-Hill/Irwin series Operations and decision sciences | |
| 500 | _aIncludes index. | ||
| 505 | _a1. Introduction to Operations Management 2. Competitiveness, Strategy, and Productivity 3. Forecasting 4. Product and Service Design 5. Capacity Planning 6. Process Selection and Facilities layouts 7. Design of Work Systems 8. Location Planning and Analysis 9. Introduction to quality 10. Quality Control 11. TQM and quality tools 12. Supply Chain Management 13. Inventory management 14. Aggregate planning 15. MRP and ERP 16. Just-in-time systems 17. Scheduling 18. Project management 19. waiting lines | ||
| 650 | 0 | _aProduction management. | |
| 942 | _cBK | ||